000 01210nam a22003737a 4500
001 4330912
003 OSt
005 20210421060414.0
008 880609s1988 nyuaf 001 0aeng
010 _a 88047693
020 _a0465091377
040 _aeng
_cDLC
_deng
_beng
041 _aeng
043 _ae-uk-en
050 0 0 _aQH31.C85
_bA3 1988
080 _a61 (09)
_bC-89
082 0 0 _a574.19/1/0924
_aB
_219
100 1 _aCrick, Francis,
_d1916-2004.
245 1 0 _aWhat mad pursuit :
_ba personal view of scientific discovery /
_cFrancis Crick.
260 _aNew York :
_bBasic Books,
_cc1988.
300 _axiii, 182 p., [8] p. of plates :
_bill. ;
_c24 cm.
365 _b16.95 usd
440 0 _aAlfred P. Sloan Foundation series
500 _aIncludes index.
600 1 0 _aCrick, Francis,
_d1916-2004.
650 0 _aMolecular biology
_xHistory.
650 0 _aHistory of Medicine
_9335
650 0 _aBiologists
_zEngland
_vBiography.
650 0 _aPhysicists
_zEngland
_vBiography.
653 _aმედიცინის ისტორია
653 _aმოლეკულური ბიოლოგია
906 _a7
_bcbc
_corignew
_d1
_eocip
_f19
_gy-gencatlg
942 _2udc
_cBK
999 _c626
_d626